Le ore

Gardado en:
Detalles Bibliográficos
Autor Principal: Cunningham Michael
Formato: Libro
Idioma:lingua descoñecida ou non válida
Publicado: Milano Bompiani 1988
Tags: Engadir etiqueta
Sen Etiquetas, Sexa o primeiro en etiquetar este rexistro!

MARC

LEADER 00000nam a2200000Ia 4500
001 246
003 NUMERAZIONE-ORIGINALE-BRESCIA
005 20260206230750.0
008 260206s9999 xx 000 0 und d
100 |a Cunningham Michael 
245 0 |a Le ore 
260 |a Milano 
260 |b Bompiani 
260 |c 1988 
500 |a Best Seller 
942 |2 ddc  |c BK  |n 0 
952 |0 0  |1 0  |2 ddc  |4 0  |6 13  |7 0  |9 28446  |a BS  |b BS  |d 2026-02-06  |i 246  |l 0  |o 1-3-*  |r 2026-02-06 22:40:35  |w 2026-02-06  |x [REVISIONARE]  |y BK 
999 |c 24127  |d 24127